| 000 | 00926nam a2200205 i 4500 | ||
|---|---|---|---|
| 001 | 53456 | ||
| 003 | ES-MaACL | ||
| 005 | 20230906162754.0 | ||
| 007 | t| | ||
| 008 | 931025m18901893sp af ||||1| spa d | ||
| 080 | _a550.34(468.1)"1884" | ||
| 245 | 0 | 0 |
_aEstudios referentes al terremoto de Andalucía ocurrido en 25 de diciembre de 1884 y a la constitución geológica del terreno conmovido / _chechos por la Comisión destinada al objeto por la Academia de Ciencias de París ; versión castellana de D.J.E. y C. |
| 260 |
_aMadrid : _b[s.n.], _c1890-1893 ( _fImp. y Fundición de Manuel Tello) |
||
| 300 |
_aVII, 700 p., [31] h. de lám. : _bil. ; _c27 cm. |
||
| 595 | _aTirada aparte de: Boletín de la Comisión del mapa geológico. | ||
| 650 | 4 |
_aTerremotos- _zAndalucía- _yS.XIX. _917487 |
|
| 650 | 4 |
_aGeología- _zAndalucía. _9173517 |
|
| 710 | 2 |
_aAcadémie des sciences (Francia) _91231 |
|
| 852 |
_aES-MaACL _jF-15052 |
||
| 999 |
_c53456 _d53456 |
||